000 00740cam a22002413a 4500
001 29745
003 PGUSA
005 20140828083637.0
008 090821s2009||||xxu|||||s|||||000 | eng d
040 _aPGUSA
_beng
042 _adc
050 4 _aPT
100 1 _aSchnitzler, Arthur,
_d1862-1931
245 1 4 _aThe Lonely Way—Intermezzo—Countess Mizzie :
_bThree Plays
_h[electronic resource] /
_cArthur Schnitzler
260 _bProject Gutenberg,
_c2009
506 _aPublic domain in the USA.
516 _aElectronic text
653 _aGerman drama -- Translations into English
700 1 _aBjörkman, Edwin,
_d1866-1951
830 0 _aProject Gutenberg
_v29745
856 4 0 _uhttp://www.gutenberg.org/ebooks/29745
942 _cEB
999 _c259000
_d259000